[Event "World Team-ch 2017"]
[Site "Khanty-Mansyisk"]
[Date "2017.06.25"]
[Round "8"]
[White "Sasikiran, Krishnan"]
[Black "Matlakov, Maxim"]
[Result "1/2-1/2"]
[WhiteElo "2669"]
[BlackElo "2707"]
[Annotator "TA"]
[PlyCount "94"]
[EventDate "2017.??.??"]
[EventType "team-tourn"]
[EventCountry "RUS"]
[SourceTitle "playchess.com"]
[Source "ChessBase"]
[SourceQuality "1"]
[WhiteTeam "IND"]
[BlackTeam "RUS"]
[WhiteTeamCountry "IND"]
[BlackTeamCountry "RUS"]

{[%evp 22,94,43,17,63,62,65,59,100,111,125,137,151,139,141,141,132,102,98,84,109,45,70,20,20,20,20,20,20,20,20,20,20,20,20,20,20,20,20,26,24,0,20,20,20,20,20,20,20,20,20,14,14,14,14,14,14,14,14,0,0,0,0,0,0,0,0,0,0,0,0,0,0,0,0]} 1. e4 c5 2. Nf3 Nc6 3. Nc3 g6 4. d4 cxd4 5. Nxd4 Bg7 6. Be3 Nf6 7. Bc4 Qa5 8. O-O O-O 9. Bb3 d6 10. h3 Bd7 11. Re1 Rac8 12. Qd2 {LiveBook: 13 Games. B35: Sicilian: Accelerated Dragon with 5 Nc3: main line} Qa6 $146 ({Predecessor:} 12... Rfe8 13. Rad1 Nxd4 14. Bxd4 Bc6 15. Bxf6 Bxf6 16. Nd5 Qxd2 17. Nxf6+ exf6 18. Rxd2 d5 19. Bxd5 Bxd5 20. Rxd5 Rxc2 {½-½ (29) Kotronias,V (2524)-Mamedov,R (2688) Moscow 2017}) 13. f4 Rfd8 14. Rad1 {White is slightly better.} b5 15. Ndxb5 Nxe4 16. Qd5 ({But not} 16. Nxe4 Qxb5 17. Bf2 h6 $14) 16... Nf6 17. Qxf7+ Kh8 {Black wants to play ...d5.} 18. Qc4 Qb7 19. Qe2 Rf8 20. Rf1 Nh5 21. Rf3 ({White should play} 21. Qe1 $16) 21... a6 $14 22. Nd4 Nxd4 23. Bxd4 Bc6 {[#] aiming for ...Bxd4+.} 24. Bxg7+ Kxg7 25. Nd5 Bxd5 $1 26. Bxd5 Qa7+ $1 27. Qe3 Qxe3+ 28. Rxe3 Rxc2 29. Rxe7+ Kh6 30. f5 Rxb2 31. Be4 {Threatens to win with fxg6.} (31. Rb7 {seems wilder.} Rxb7 32. Bxb7 Rxf5 33. Bxa6 Rg5 34. Rxd6 Nf4 35. Kf2) 31... Ng3 {The position is equal.} (31... Re2 {feels hotter.} 32. fxg6 hxg6 33. Rxd6 Rf6 34. Ree6 Rxe6 35. Rxe6 Nf4) 32. fxg6 hxg6 {[#] White must now prevent ...Re2.} 33. Rxd6 Nxe4 34. Rxe4 Rxa2 $11 {[%mdl 4096] Endgame KRR-KRR} 35. Ree6 Rg8 36. Rxa6 Rxa6 37. Rxa6 {KR-KR} Rb8 38. Rf6 Rb3 39. Kh2 Kg5 40. Rf3 (40. Rf2 {is interesting.} Ra3 41. g3 Ra5 42. Rf8 Ra2+ 43. Kg1) 40... Rxf3 41. gxf3 {KPP-KP} Kf4 42. Kg2 g5 43. Kf2 Ke5 44. Kg3 Kf5 45. h4 gxh4+ 46. Kxh4 Kf4 47. Kh5 Kxf3 {Precision: White = 53%, Black = 80%.} 1/2-1/2

[Event "World Team-ch 2017"]
[Site "Khanty-Mansyisk"]
[Date "2017.06.25"]
[Round "8"]
[White "Kravtsiv, Martyn"]
[Black "Robson, Ray"]
[Result "1/2-1/2"]
[WhiteElo "2653"]
[BlackElo "2656"]
[Annotator "TA"]
[PlyCount "144"]
[EventDate "2017.??.??"]
[EventType "team-tourn"]
[EventCountry "RUS"]
[SourceTitle "playchess.com"]
[Source "ChessBase"]
[SourceQuality "1"]
[WhiteTeam "UKR"]
[BlackTeam "USA"]
[WhiteTeamCountry "UKR"]
[BlackTeamCountry "USA"]

{[%evp 9,144,16,24,16,20,0,0,0,0,0,0,0,0,0,8,14,24,0,21,22,15,18,35,8,35,0,0,0,0,0,9,-2,0,-22,-21,-28,-10,-26,-19,-16,0,0,0,-13,-13,-13,-7,-20,5,0,0,0,0,-6,5,13,6,0,93,93,87,85,87,97,92,88,158,158,158,158,158,158,158,152,151,141,141,141,141,141,166,110,166,166,159,159,215,58,58,58,58,58,58,58,58,58,58,50,50,50,50,50,50,50,58,50,50,50,50,27,50,50,50,45,45,45,45,45,45,34,34,0,45,0,33,16,16,16,16,16,23,0,0,-8,-8,-8,-8]} 1. e4 c5 2. Nf3 d6 3. Bb5+ Nd7 4. O-O a6 5. Bd3 Ngf6 6. Re1 {B51: Sicilian: Moscow Variation (3 Bb5+) without 3...Bd7} e6 7. a4 (7. c3 b5 8. a4 Bb7 9. Bc2 c4 10. d4 cxd3 11. Qxd3 Nc5 12. Qe2 bxa4 {1-0 (25) Vachier Lagrave,M (2796)-Giri,A (2771) Stavanger 2017}) 7... b6 8. c3 Bb7 9. Qe2 Qc7 10. Na3 Be7 11. Bc2 Rc8 12. d3 O-O 13. h3 $146 Rfe8 14. Bf4 Bf8 15. Bh2 e5 16. Bb3 g6 17. Nc4 b5 18. axb5 axb5 19. Ne3 Bc6 20. Ra2 Bh6 21. Rea1 Ra8 22. Rxa8 Rxa8 23. Rxa8+ Bxa8 24. c4 bxc4 25. Nxc4 Bc6 26. g4 {aiming for g5.} Ne8 27. Qc2 Bb5 28. Bg3 Kf8 29. Ba2 Qa7 30. Na3 Ba4 31. Qc3 Bc6 (31... Bd1 $5 {[%cal Rd1f3]} 32. Kg2 Qa4 $11) 32. Bh4 Qa4 33. Ng5 $40 {[%mdl 128] White has some attack.} (33. Bb3 $5 {[%cal Rb3a4]} Qa6 34. Bd8 $14) 33... f6 (33... Bxg5 $11 34. Bxg5 Nc7) 34. Bb3 $1 $16 {[%cal Rb3a4]} Qb4 35. Nxh7+ Kg7 {[#]} 36. Nxf6 $1 Nexf6 37. g5 Nxe4 (37... Qxc3 $142 38. bxc3 d5) 38. gxh6+ Kh7 39. Qxb4 ({Worse is} 39. dxe4 Qxe4 40. Kf1 Qxh4 $19) 39... cxb4 40. dxe4 bxa3 41. bxa3 Bxe4 {[%mdl 4096] Endgame KBB-KBN} 42. Bg5 Nc5 43. Bd1 Bc6 44. h4 d5 45. Bg4 (45. f4 $18) 45... d4 {[#]} (45... Nd3 $16) 46. f4 $1 $18 exf4 47. Bxf4 d3 (47... Bb5 $16 {is a better defense.} 48. h5 Bd3 49. hxg6+ Kxg6) 48. Kf2 $2 (48. h5 $18 Ne4 49. hxg6+ Kxg6 50. Bf3) 48... Ne4+ 49. Ke3 d2 $1 50. Be2 Nc3 51. Kxd2 Nb1+ $1 52. Ke3 (52. Kc1 $5 {[%cal Rc1b1]} Nxa3 53. Kb2 $18) 52... Nxa3 53. Bd3 {h5 is the strong threat.} (53. Kd4 $5 {[%cal Rh4h5]} Nb5+ 54. Kc4 $18) 53... Bb5 54. Be4 Bd7 55. Kd4 Bf5 56. Bd5 Nb5+ 57. Ke5 Nc3 58. Bc4 Ne4 59. Be3 {Threatens to win with Bb3.} Kh8 60. Bd5 (60. Bf7 $5 {[%cal Rh4h5]} Kh7 61. Be8 $16) 60... Nc3 61. Bc6 {Black must now prevent h5.} Kh7 62. Bf3 {And now h5 would win.} Bc2 63. Bd2 Bd1 64. Bc6 Ne2 65. Bf3 Nc3 $1 66. Bc6 (66. Bxc3 $5 {[%cal Rf3d1]} Bxf3 67. Kf4 $16) 66... Ne2 67. Be4 {White wants to mate with h5.} Ng3 68. Bd3 {Hoping for Kf6.} Nf5 69. Bg5 Nxh6 70. Bxh6 Kxh6 {The position is equal.} 71. Bxg6 Kxg6 72. h5+ Bxh5 {Precision: White = 55%, Black = 65%.} 1/2-1/2

[Event "World Team-ch 2017"]
[Site "Khanty-Mansyisk"]
[Date "2017.06.25"]
[Round "8"]
[White "Areshchenko, Alexander"]
[Black "Onischuk, Alexander"]
[Result "1/2-1/2"]
[WhiteElo "2652"]
[BlackElo "2685"]
[Annotator "TA"]
[PlyCount "139"]
[EventDate "2017.??.??"]
[EventType "team-tourn"]
[EventCountry "RUS"]
[SourceTitle "playchess.com"]
[Source "ChessBase"]
[SourceQuality "1"]
[WhiteTeam "UKR"]
[BlackTeam "USA"]
[WhiteTeamCountry "UKR"]
[BlackTeamCountry "USA"]

{[%evp 24,139,31,17,19,0,6,0,25,-23,11,0,54,28,84,73,83,23,177,173,253,255,254,251,249,244,283,311,294,311,289,292,379,347,314,237,237,237,237,237,237,237,237,237,237,207,222,215,230,197,216,219,227,185,257,262,355,257,258,222,233,233,257,257,256,256,248,238,331,321,316,318,289,310,302,295,267,228,258,241,260,258,322,322,298,267,243,234,234,206,206,0,0,0,206,206,167,23,28,8,8,9,9,0,0,0,20,20,20,20,20,14,14,8,8,0,0,0]} 1. e4 e5 2. Nf3 Nc6 3. Bc4 Bc5 4. O-O Nf6 5. d3 O-O 6. h3 d6 7. c3 h6 8. Re1 a6 {C54: Giuoco Piano: 4 c3 Nf6, main lines with 5 d4 and 5 d3} 9. a4 Ba7 10. Nbd2 Be6 11. b4 (11. Bxe6 fxe6 12. b4 Nh5 13. Ra2 Qf6 14. Nc4 b5 {½-½ (34) Anand,V (2786)-Carlsen,M (2832) Stavanger 2017}) 11... Re8 12. Bxe6 Rxe6 13. Qc2 {LiveBook: 22 Games} Ne7 {[#]} 14. d4 $146 ({Predecessor:} 14. Nf1 Ng6 15. Ng3 d5 16. c4 {½-½ (27) Saric,I (2666)-Kasimdzhanov,R (2691) Germany 2016}) 14... Ng6 15. Bb2 c6 16. a5 Qe7 17. c4 {aiming for d5.} exd4 (17... Nh5 $11) 18. Bxd4 $14 (18. Nxd4 Bxd4 19. Bxd4 Re8 $15) 18... Qc7 (18... c5 $11 19. Bxf6 Qxf6) 19. Bxa7 $16 Rxa7 20. c5 (20. Nd4 $16) 20... Ra8 $2 (20... dxc5 $11 {and Black stays safe.} 21. bxc5 (21. Qxc5 Ra8 $11) 21... Nd7) 21. cxd6 $1 $18 Qxd6 {[#]} (21... Rxd6 {might work better.} 22. e5 Rxd2 23. Qxd2 Nd5) 22. e5 $1 {[%cal Re5d6][%mdl 512]} Rxe5 (22... Nxe5 23. Rxe5) 23. Nxe5 Nxe5 {[#]} 24. Ne4 $1 {[%cal Re4d6]} Qxb4 25. Nxf6+ gxf6 26. Qf5 Kg7 27. Re3 b5 28. axb6 Qxb6 29. Rb1 Qc7 30. Rg3+ Ng6 31. h4 h5 32. Qxh5 Rh8 33. Qg4 Qe5 34. Qc4 Rh5 35. Rd1 (35. Qxc6 Rxh4 36. Qc3 (36. Qxa6 Qh5 $11) 36... Ra4) 35... Qb5 36. Qe4 {Intending Rxg6+! and mate.} Qe5 37. Qg4 Kh6 38. Re3 $40 {[%mdl 128] White has strong attack.} Qc5 (38... Rxh4 {is a better defense.} 39. Qxh4+ (39. Rxe5 Rxg4 40. Rc5 Ne5 $18) 39... Nxh4 40. Rxe5 fxe5 41. Rd6+ Kg5 42. Rxc6 e4 43. Rxa6 f5) 39. g3 f5 40. Qd4 f4 {Threatens to win with ...Qxd4.} 41. Qxc5 ({Don't take} 41. gxf4 $6 Qf5 $18) 41... Rxc5 {[%mdl 4096] Endgame KRR-KRN} 42. Re8 fxg3 43. fxg3 Ne5 44. Kg2 Ng4 45. Rd2 Rc3 46. Kh3 Nf6 47. Rd6 Kg7 48. Re5 Nd5 49. Rg5+ Kf8 50. Rd8+ Ke7 51. Ra8 Kf6 52. Kg4 ({Resist} 52. Rxa6 Nf4+ 53. Kg4 Ne2 $18) 52... Rc4+ 53. Kh5 Nc7 54. Rag8 Ne6 55. Ra5 Ng7+ 56. Kh6 Nf5+ 57. Kh5 $2 (57. Kh7 $18) 57... Ng7+ $11 58. Kh6 $2 (58. Rxg7 $11 Kxg7 59. g4 (59. Rxa6 Rc5+ 60. Kg4 Rc4+ 61. Kg5 f6+ 62. Kh5 Rc5+ 63. Kg4 Rc4+ 64. Kf5 Rc5+ 65. Ke4 Rc4+ 66. Kf5 Rc5+ 67. Ke4 Rc4+ 68. Kf3 Rc3+ 69. Kf4 Rc4+ 70. Kf3 Rc3+ 71. Kf4 Rc4+ 72. Kf3 $11)) 58... Nf5+ $18 59. Kh7 Nxh4 {[#]} 60. g4 (60. Rgg5 $1 $18) 60... Ng6 61. Rf5+ Ke6 {White should prevent ...Ne7.The position is equal.} 62. Re8+ Ne7 {Hoping for ...Kd7.} 63. Rg5 Kf6 64. Rg7 Ng6 {[#]} (64... Rf4 {seems wilder.} 65. Rf8 Ke6 66. Ra8 Nd5 67. Rxa6 Nf6+) 65. g5+ $1 {[%mdl 512]} Kxg5 66. Rxf7 Rf4 67. Rc7 Rf6 68. Rg7 {Reg8 is the strong threat.} Kf5 69. Ra8 (69. Re1 $5 {[%cal Rg7g6]}) 69... Nf8+ 70. Kg8 {Precision: White = 61%, Black = 57%.} 1/2-1/2

[Event "World Team-ch 2017"]
[Site "Khanty-Mansyisk"]
[Date "2017.06.25"]
[Round "8"]
[White "Zhigalko, Sergei"]
[Black "Wojtaszek, Radoslaw"]
[Result "0-1"]
[WhiteElo "2635"]
[BlackElo "2730"]
[Annotator "TA"]
[PlyCount "94"]
[EventDate "2017.??.??"]
[EventType "team-tourn"]
[EventCountry "RUS"]
[SourceTitle "playchess.com"]
[Source "ChessBase"]
[SourceQuality "1"]
[WhiteTeam "BLR"]
[BlackTeam "POL"]
[WhiteTeamCountry "BLR"]
[BlackTeamCountry "POL"]

{[%evp 17,94,5,18,12,26,26,26,26,26,26,26,33,49,45,41,36,48,26,27,17,42,28,32,24,43,-21,-19,-39,-28,-28,-21,-28,-28,-33,-29,-25,-37,-28,-28,-81,-75,-63,-79,-110,-22,-17,-21,-47,-22,-20,0,-150,-152,-135,-144,-118,0,-100,-98,-98,-97,-100,-108,-256,-258,-662,-627,-925,-899,-1087,-1086,-1079,-1079,-1059,-397,-1052,-1044,-1048,-1043]} 1. e4 e5 2. Nf3 Nc6 3. Bc4 Bc5 4. O-O Nf6 5. d3 d6 6. c3 a6 7. a4 O-O 8. Re1 {C54: Giuoco Piano: 4 c3 Nf6, main lines with 5 d4 and 5 d3} Ba7 9. Na3 (9. h3 Ne7 10. d4 Ng6 11. Nbd2 c6 12. Bd3 Re8 13. Bc2 h6 14. Nf1 exd4 15. cxd4 {1-0 (40) Kramnik,V (2808)-Carlsen,M (2832) Stavanger 2017}) 9... Ne7 {LiveBook: 3 Games} 10. Bg5 $146 {The position is equal.} ({Predecessor:} 10. Nc2 Ng6 11. Be3 Bxe3 12. Nxe3 {½-½ (12) Berzinsh,R (2408)-Koziak,V (2479) Bialystok 2016}) 10... Ng6 11. Nh4 Kh8 12. Nc2 h6 13. Nxg6+ fxg6 14. Be3 Bxe3 15. Nxe3 ({Don't play} 15. fxe3 c6 $15) 15... g5 16. a5 Bd7 17. Qb3 Rb8 18. Be6 Bc6 19. Rad1 Qe8 20. Qa2 Nh5 21. Bg4 (21. g3 $14) 21... Nf4 $11 22. Rd2 h5 23. Bd1 g4 24. b4 Qg6 25. Ba4 Bxa4 26. Qxa4 c6 27. Qd1 Rf7 28. Nf1 (28. Nf5 $11) 28... Rbf8 $17 29. d4 exd4 30. cxd4 d5 (30... Re8 $17 31. e5 Rfe7) 31. exd5 $1 $11 Nxd5 $40 {[%mdl 128] Black is up to no good.} 32. Re5 Kg8 33. Ne3 Nf4 34. d5 (34. Kf1 $11) 34... cxd5 $17 35. Kh1 Qd6 36. Re4 Qg6 (36... Qc6 $17 37. Red4 Qe8) 37. Red4 (37. Re5 $1 $11 {was the only way to keep the balance.}) 37... Ne6 38. Rxd5 Rxf2 39. Rxf2 Rxf2 40. Re5 (40. Kg1 $17 g3 41. Qd3 Qxd3 42. Rxd3) 40... Nf4 $19 41. Rf5 $2 {[#]} (41. Nd5 Qd3 42. Qxd3 Nxd3 43. Kg1) 41... Qe6 $1 {[%cal Re6e3]} 42. Qd4 Qb3 {( -> ...Qb1+)} 43. h3 Qb1+ 44. Qd1 Qxd1+ 45. Nxd1 Rf1+ 46. Kh2 {[#]} g3+ $1 {[%mdl 512]} 47. Kxg3 Ne2+ {Precision: White = 47%, Black = 69%.} 0-1

[Event "World Team-ch 2017"]
[Site "Khanty-Mansyisk"]
[Date "2017.06.25"]
[Round "8"]
[White "Yilmaz, Mustafa"]
[Black "Fawzy, Adham"]
[Result "1-0"]
[WhiteElo "2630"]
[BlackElo "2418"]
[Annotator "TA"]
[PlyCount "83"]
[EventDate "2017.??.??"]
[EventType "team-tourn"]
[EventCountry "RUS"]
[SourceTitle "playchess.com"]
[Source "ChessBase"]
[SourceQuality "1"]
[WhiteTeam "TUR"]
[BlackTeam "EGY"]
[WhiteTeamCountry "TUR"]
[BlackTeamCountry "EGY"]

{[%evp 16,83,52,52,48,54,57,48,42,42,60,47,50,24,41,42,49,0,57,58,60,48,74,51,75,86,122,65,81,76,76,70,87,51,72,64,58,64,154,148,129,127,239,241,230,208,229,222,226,216,211,195,198,73,152,164,177,173,253,213,222,185,227,218,643,625,743,733,734,732]} 1. d4 Nf6 2. c4 e6 3. Nf3 b6 4. g3 Bb7 5. Bg2 Bb4+ 6. Bd2 Bxd2+ 7. Qxd2 c5 {E16: Queen's Indian: 4 g3 Bb7 5 Bg2 Bb4+} (7... O-O 8. Nc3 d6 9. d5 a5 10. O-O Na6 11. Nd4 e5 12. Nc2 Nc5 13. b3 Ba6 14. Rab1 Rb8 15. a3 b5 16. b4 axb4 17. axb4 {½-½ (44) Rodshtein,M (2701)-Zhigalko,S (2639) Poikovsky 2017}) 8. O-O O-O 9. Nc3 {LiveBook: 10 Games} d5 {White is slightly better.} 10. cxd5 exd5 11. Rfd1 $146 ({Predecessor:} 11. Ne5 Nbd7 12. Rfd1 Re8 13. Nc4 Qe7 14. Ne3 Rad8 15. Qc2 {1-0 (77) Porper,E (2444)-Valencia,B (2204) Edmonton 2011}) 11... Na6 12. Rac1 Qd7 13. b3 Rac8 14. Qb2 Rfd8 15. Ne5 Qe8 {aiming for ...cxd4.} 16. Nf3 Rc7 (16... Qd7 $11) 17. e3 $14 Bc8 18. Qe2 Ne4 19. dxc5 Naxc5 {next ...Ba6 is good for Black.} 20. Nb5 (20. Nxd5 Rcd7 $11) 20... Re7 21. Nfd4 (21. b4 $1 $16 {[%cal Rb4c5]} Ne6 22. Ne5) 21... a6 22. Nc3 a5 23. Qb2 (23. Nc6 $5 Qxc6 24. Bxe4 $16) 23... Bg4 24. Bf3 f5 25. Nce2 Ng5 26. Bg2 Bh3 ({Better is} 26... Rxe3 $14 27. fxe3 Qxe3+ 28. Kh1 Nge4) 27. Nf4 $16 Bxg2 28. Kxg2 ({Don't play} 28. Nxg2 $6 Nh3+ 29. Kf1 Rc7 $14) 28... Nge4 (28... Red7 $16 {keeps fighting.} 29. Qe2 Nf7) 29. f3 $18 ({Don't take} 29. Nxf5 $6 Rf7) 29... Nf6 30. Nxf5 Re5 31. g4 $1 g6 32. Ng3 Qe7 33. Nf1 Rf8 34. Nd3 (34. Qd4 $1 $18 {and White stays clearly on top.}) 34... Nxd3 (34... Rg5 $142 35. Nf2 h5) 35. Rxd3 $16 h5 {[#]} 36. h3 $1 Rg5 (36... Re6 {was worth a try.} 37. Qd4 Qf7) 37. Rd4 hxg4 38. hxg4 Ne4 {[#] Threatens to win with ...Rxf3!} 39. Qe2 $1 ({Stronger than} 39. fxe4 Rxg4+ 40. Kh1 Rxf1+ 41. Rxf1 Rh4+ 42. Kg1 Qg5+ 43. Qg2 Rg4 $15) 39... Rxg4+ $2 (39... Nc5 40. f4 Ne6 41. fxg5 Nxd4) 40. fxg4 $18 {White is clearly winning.} Rf2+ 41. Qxf2 $1 Nxf2 42. Kxf2 {Precision: White = 56%, Black = 38%.} 1-0

[Event "World Team-ch 2017"]
[Site "Khanty-Mansyisk"]
[Date "2017.06.25"]
[Round "8"]
[White "Gajewski, Grzegorz"]
[Black "Fedorov, Alexei"]
[Result "1-0"]
[WhiteElo "2628"]
[BlackElo "2598"]
[Annotator "TA"]
[PlyCount "103"]
[EventDate "2017.??.??"]
[EventType "team-tourn"]
[EventCountry "RUS"]
[SourceTitle "playchess.com"]
[Source "ChessBase"]
[SourceQuality "1"]
[WhiteTeam "POL"]
[BlackTeam "BLR"]
[WhiteTeamCountry "POL"]
[BlackTeamCountry "BLR"]

{[%evp 17,103,58,56,41,44,50,23,48,54,39,47,33,89,75,112,53,74,72,92,65,171,117,120,67,67,70,73,72,80,75,77,78,87,78,93,84,90,79,70,65,77,52,61,58,85,49,52,24,27,-6,70,73,72,41,154,0,7,8,93,0,0,0,0,0,0,0,0,0,0,0,0,0,0,0,241,241,220,28,1547,1423,2033,2060,1854,1405,1523,1449,6079,5050]} 1. d4 Nf6 2. c4 g6 3. g3 Bg7 4. Bg2 O-O 5. Nc3 d6 6. Nf3 Nc6 7. O-O Bf5 8. Nh4 Bd7 9. f4 {E62: King's Indian: Fianchetto: 6...c6 and Panno Variation (6...Nc6) without ...a6} Na5 {LiveBook: 3 Games} (9... a6 10. Nf3 Na5 11. c5 Bf5 12. Qa4 c6 13. Nh4 b5 {1-0 (67) Korobov,A (2705)-Kempinski,R (2580) Legnica 2013}) 10. b3 c5 11. dxc5 $146 {White is slightly better.} ({Predecessor:} 11. e3 cxd4 12. exd4 Qb6 13. Kh1 Ng4 14. Nf3 Bc6 15. h3 Nh6 16. Be3 Nf5 {½-½ (51) Mosadeghpour,M (2230)-Ghanbarzadeh,R (2189) Tabriz 2013}) 11... dxc5 12. Bd2 Bc6 13. Nd5 Nxd5 14. cxd5 Bb5 (14... Bd4+ $14 15. e3 Bxa1 16. Qxa1 (16. Bxa5 Qxa5 17. dxc6 Bf6 $17) 16... Bb5) 15. Rc1 $16 Rc8 16. Bc3 ({Better is} 16. Bh3 $16 f5 17. Re1) 16... Qb6 17. Bxg7 Kxg7 18. Rf2 Ba6 ({Black should play} 18... Bd7 $14) 19. Qd2 (19. Qc2 $1 $18) 19... Qb4 20. e4 (20. Qe3 $16) 20... Qxd2 $14 21. Rxd2 b6 22. Nf3 Rfd8 23. Bh3 Ra8 24. Kf2 Bb5 25. Ke3 f6 26. Be6 Bd7 27. f5 gxf5 28. exf5 Nb7 29. Kf4 Nd6 30. g4 Rac8 31. Rg1 Bxe6 32. dxe6 {Threatens to win with g5.} c4 33. Rgd1 cxb3 (33... c3 $11 34. Rc2 Rc5) 34. axb3 Rc3 35. Rd3 Rdc8 {[#]} (35... Rxd3 $1 $14 36. Rxd3 Rc8) 36. Nd4 ({White must play} 36. Rxd6 $1 $16 exd6 37. Rxd6 Rxb3 38. Rd7+ Kf8 39. Nd4) 36... a5 $11 37. Ne2 Rc2 (37... Rxd3 $1 $11 {keeps the balance.} 38. Rxd3 b5) 38. R1d2 (38. Ng3 $16) 38... a4 39. bxa4 R8c4+ 40. Kf3 Rxd2 41. Rxd2 {Strongly threatening Rd4.} Rxa4 {[%mdl 4096] Endgame KRN-KRN} 42. Nf4 {Hoping for Nh5+.} Nc4 43. Rd7 Ne5+ 44. Kg3 Ra3+ 45. Kg2 Nxg4 $2 (45... Kh6 $11 {and Black is okay.} 46. Rxe7 Ra2+ 47. Kh3 Ra3+ 48. Kh4 (48. Kg2 Ra2+ 49. Kg1 Kg5 $11) 48... Nf3+ 49. Kh3 (49. Kg3 Ne5+ 50. Kg2 Ra2+ 51. Kh3 Ra3+ 52. Kh4 Nf3+ 53. Kh3 Ne1+ 54. Kh4 Nf3+ $11) 49... Ne1+ 50. Kh4 Nf3+ 51. Kg3 Ne5+ 52. Kg2 Ra2+ 53. Kf1 Nxg4) 46. Rxe7+ $18 Kh6 47. h4 $2 (47. Rf7 $18 Ne3+ 48. Kf2 Ng4+ 49. Ke1) 47... Ra4 $2 {[%mdl 8192]} (47... Ne3+ $11 48. Kf2 Ng4+ 49. Ke2 Ra2+ 50. Kd3 Ra3+ 51. Kd2 Ra4) 48. Nd5 {White is clearly winning.} Rd4 {[#]} 49. Kg3 $1 Rxd5 50. Kxg4 Rd4+ 51. Kf3 Rxh4 52. Rf7 {Precision: White = 60%, Black = 47%.} 1-0

[Event "World Team-ch 2017"]
[Site "Khanty-Mansyisk"]
[Date "2017.06.25"]
[Round "8"]
[White "Stupak, Kirill"]
[Black "Bartel, Mateusz"]
[Result "1/2-1/2"]
[WhiteElo "2564"]
[BlackElo "2637"]
[Annotator "TA"]
[PlyCount "142"]
[EventDate "2017.??.??"]
[EventType "team-tourn"]
[EventCountry "RUS"]
[SourceTitle "playchess.com"]
[Source "ChessBase"]
[SourceQuality "1"]
[WhiteTeam "BLR"]
[BlackTeam "POL"]
[WhiteTeamCountry "BLR"]
[BlackTeamCountry "POL"]

{[%evp 24,142,10,8,15,20,11,15,23,17,19,11,14,11,22,10,10,6,11,-39,0,0,14,8,14,10,20,-3,-3,-14,40,47,63,25,45,4,39,26,128,110,134,132,152,153,253,241,255,127,188,19,19,21,27,21,87,91,88,80,80,80,87,68,89,79,91,91,91,91,91,91,91,91,91,91,91,91,91,91,91,91,91,83,83,83,83,0,83,81,81,81,81,81,83,36,36,36,36,36,36,36,36,36,36,0,0,0,0,0,0,0,0,0,0,0,0,0,0,0,0,0,0]} 1. d4 d5 2. Nf3 c6 3. c4 Nf6 4. Nc3 dxc4 5. a4 e6 6. e3 c5 7. Bxc4 Nc6 8. O-O cxd4 9. exd4 Be7 {D16: Slav Defence: 5 a4: Lines with 5...Bg4 and 5...Na6} 10. Re1 (10. Qe2 O-O 11. Rd1 Nb4 12. a5 Bd7 13. Ne5 Be8 14. Bg5 Nfd5 15. Bd2 a6 16. Nxd5 Nxd5 17. Bd3 {½-½ (51) Nakamura,H (2793)-Shankland,S (2666) Saint Louis 2017}) 10... O-O 11. Bg5 Bd7 12. Qe2 Nb4 13. Ne5 {[#] LiveBook: 27 Games} h6 $146 ({Predecessor:} 13... Nfd5 14. Bxe7 Qxe7 15. Bxd5 exd5 16. Rac1 Rac8 17. Qf3 {0-1 (51) Halkias,S (2585)-Howell,D (2644) Doha 2016}) 14. Bh4 Be8 15. Rad1 Nfd5 16. Nxd5 exd5 17. Bxe7 Qxe7 18. Bb3 a5 {[%cal Ba7a5,Ba5a4][%mdl 32]} 19. Qg4 Qg5 20. Qh3 b5 21. Qf3 Qd8 22. axb5 Bxb5 {White should prevent ...a4.} (22... a4 $5 {[%cal Ra4b3]} 23. Qc3 Qd6 $11) 23. Rc1 a4 24. Rc5 Rb8 25. Bxd5 Nxd5 26. Rxd5 Qb6 (26... Qa5 $1 $11 27. Rd1 Qb4) 27. Rc5 $14 Qd6 28. Qc3 Rfd8 29. d5 Be8 30. Qd4 $36 {[%mdl 2048] White is pushing.} Qf6 (30... Qb6 $11) 31. h3 $16 Rb3 32. Re3 Rb7 33. Rf3 Qb6 {[#]} (33... Qe7 $16 {was worth a try.}) 34. Nc4 $1 $18 {[%cal Rc4b6]} Qa7 {[#]} 35. d6 (35. Rg3 $1 $18 {[%csl Gg3][%cal Rd4g7] and the rest is easy.} g6 36. Ne3) 35... Rb5 (35... f6 $16 36. Rg3 Kh8) 36. Rd5 $2 (36. Rg3 $18 {[%csl Gg3][%cal Rd4g7]} g6 37. Qf6 Rxc5 38. Qxd8) 36... Qxd4 $11 37. Rxd4 Rb4 38. Rfd3 Rxc4 (38... Bb5 $11 {keeps the balance.} 39. Na3 Bxd3 40. Rxb4 Rxd6) 39. Rxc4 {[%mdl 4096] Endgame KRR-KRB} Bb5 40. Rcd4 {aiming for Re3.} Bxd3 41. Rxd3 $16 {KR-KR} Kf8 42. Rd4 Ke8 43. g3 Rb8 44. Rxa4 Rxb2 45. Ra8+ Kd7 46. Rf8 f6 47. Rf7+ Kxd6 48. Rxg7 {Rh7 is the strong threat.} h5 49. Rh7 Rb5 50. Kg2 Ke6 51. h4 Ra5 52. f3 Rb5 53. Kh3 Rf5 54. Kg2 (54. Kh2 $16) 54... Ra5 (54... Rb5 $1 $11) 55. Rg7 Ra2+ 56. Kh3 Ra3 57. Rh7 Ra5 58. g4 hxg4+ 59. Kxg4 Ra1 60. Rb7 Rg1+ 61. Kf4 Rh1 62. Rb6+ Kf7 63. Kf5 {Hoping for Rb7+.} Rxh4 {The position is equal.} 64. Rb7+ Kf8 65. f4 Kg8 66. Rb4 {Strongly threatening Kg6.} Kf7 67. Rb7+ Kg8 68. Kg6 {[%cal Rb7b8]} Rg4+ 69. Kxf6 {Threatens to win with f5.} Rxf4+ 70. Kg5 Rf7 71. Rxf7 Kxf7 {Precision: White = 56%, Black = 61%.} 1/2-1/2